| 000 | 00701nam a2200217 a 4500 | ||
|---|---|---|---|
| 999 |
_c2991 _d2991 |
||
| 001 | 2991 | ||
| 003 | BD-JhCC | ||
| 005 | 20171115180823.0 | ||
| 008 | 171108s1966 bg |||| ||a| 000 0 ben d | ||
| 035 | _a(BD-JhCC)2991 | ||
| 040 |
_aBD-JhCC _dBD-JhCC |
||
| 041 | _aben | ||
| 082 |
_a891.4435 _bRAH 1966 |
||
| 100 | _aরহমান, গোলাম | ||
| 245 |
_aপান্নুর পাঠাগার : _bহাসির গল্প সংকলন / _cগোলাম রহমান |
||
| 260 |
_aঢাকা : _bইউনিট বুক এজেন্সী, _c১৯৬৬. |
||
| 300 |
_a15 p . : _c16 cm. |
||
| 650 | _aCollection of Short Stories | ||
| 942 |
_2ddc _cBK |
||